| 000 | 00975naa a2200289 c 4500 | ||
|---|---|---|---|
| 001 | 31948 | ||
| 003 | ES-MaCES | ||
| 005 | 20000719104100.0 | ||
| 008 | 000719n2000 fr ||| | fre d | ||
| 035 | _aCES20000004857v | ||
| 040 |
_aES-MaCES _bspa _cES-MaCES |
||
| 100 | 1 |
_aVincent, Catherine _925973 |
|
| 245 | 1 | 3 |
_aLe droit des immigrés en question _b: de la précarité à l'intégration sociale _cCatherine Vincent |
| 504 | _aBibliografía: p. 34 | ||
| 650 | 4 |
_aEspaña _926964 |
|
| 650 | 4 |
_apaís de acogida _929799 |
|
| 650 | 4 |
_aintegración social _927283 |
|
| 650 | 4 |
_adiscriminación racial _927190 |
|
| 650 | 4 |
_amercado de trabajo _928292 |
|
| 650 | 4 |
_atrabajador migrante _928408 |
|
| 650 | 4 |
_ainmigrante _928631 |
|
| 653 | 1 | 0 | _aAsuntos Sociales |
| 773 | 0 |
_tIRES _gnº 63 (mars 2000){10260 R. 036619}; p. 30-34 _w(ES-MaCES)25273 _946699 |
|
| 902 | _aART Artículo de revista | ||
| 942 |
_2CES _cAR _h3.3. |
||
| 999 |
_c31948 _d31948 |
||